000 00260nam a22001217a 4500
008 170126b xxu||||| |||| 00| 0 eng d
041 _aeng
080 _a61
100 _a3
101 _aMED
245 _aRESPIRATORY EMERGENCIES
_cSHIBEL, E.M
942 _2udc
_cBK
999 _c3802
_d3802